000 nam a22 a 4500
999 _c719
_d719
003 AKMAL
005 20170505084305.0
008 170505s1992 my 00 may d
020 _a9836227083 (kkt.) :
_cRM25.00
040 _aAKMAL
082 0 4 _a297.01 ROS
090 _a297.01
_bROS
100 1 _aRosenthal, Franz
_91542
245 1 0 _aKeagungan ilmu /
_cFranz Rosenthal ; Penterjemah Syed Muhamad Dawilah Syed Abdullah
260 _aKuala Lumpur :
_bDewan Bahasa dan Pustaka,
_c1992
300 _axv, 400ms. :
_c22cm
500 _aMengandungi indeks
500 _aTerjemahan dari: Knowledge triumphant.- Leiden : E. J. Brill,1970
650 _aKnowledge, Theory of (Islam)
_9832
650 _aIslamic learning and scholarship
_91543
650 _aIslamic civilization
_91544
700 0 _aSyed Muhamad Dawilah Syed Abdullah
_91545
942 _2ddc
_cBOOK